[Event "DVM U14w 2012"]
[Site "Magdeburg GER"]
[Date "2012.12.28"]
[Round "3"]
[White "Moses, Selina"]
[Black "Manusina, Nicole"]
[Result "1/2-1/2"]
[Termination "normal"]
[Board "1.1"]
[WhiteElo "1724"]
[BlackElo "1772"]
[WhiteTeam "Muldental Wilkau-Haßlau"]
[BlackTeam "SG Oesede-Georgsmarienhütte"]
[WhiteFideId "12908070"]
[BlackFideId "24657514"]
[EventCountry "GER"]
[EventRounds "7"]
[EventType "team-swiss"]
[EventDate "2012.12.26"]

1. e4 c6 2. d4 d5 3. exd5 cxd5 4. Bd3 Nc6 5. c3 Qc7 6. h3 Nf6 7. Nf3 g6 8. O-O
Bg7 9. Re1 O-O 10. Bg5 Nh5 11. Qc1 f6 12. Bd2 e5 13. dxe5 fxe5 14. Nh2 e4 15.
Be2 Be5 16. Nf1 Qf7 17. Be3 Ng7 18. f3 exf3 19. Bxf3 Bxh3 20. Bc5 Rfd8 21. Nbd2
Be6 22. Nb3 Bd6 23. Bxd6 Rxd6 24. Nc5 Rad8 25. Nxe6 Rxe6 26. Rxe6 Nxe6 27. Qd2
d4 28. Bxc6 bxc6 29. Re1 c5 30. cxd4 Nxd4 31. Qf2 Qxf2+ 32. Kxf2 Rf8+ 33. Kg1
Kf7 34. Nd2 Re8 35. Rxe8 Kxe8 36. Ne4 Ne6 37. Kf2 h5 38. Ke3 Kd7 39. g3 Kc6 40.
Kd3 Kd5 41. Nc3+ Ke5 42. Kc4 a6 43. a4 g5 44. b4 cxb4 45. Kxb4 h4 46. gxh4 gxh4
47. Ne2 h3 48. Ng1 Kd6 49. Nxh3 Nc5 1/2-1/2

[Event "DVM U14w 2012"]
[Site "Magdeburg GER"]
[Date "2012.12.28"]
[Round "3"]
[White "Böhm, Jana"]
[Black "Simon, Tessa"]
[Result "0-1"]
[Termination "normal"]
[Board "1.2"]
[WhiteElo "1701"]
[BlackElo "1499"]
[WhiteTeam "SG Oesede-Georgsmarienhütte"]
[BlackTeam "Muldental Wilkau-Haßlau"]
[WhiteFideId "24661589"]
[BlackFideId "12929395"]
[EventCountry "GER"]
[EventRounds "7"]
[EventType "team-swiss"]
[EventDate "2012.12.26"]

1. e4 e5 2. Nf3 Nc6 3. Bb5 a6 4. Ba4 Nf6 5. O-O Nxe4 6. d4 b5 7. Bb3 d5 8. dxe5
Be6 9. a4 Rb8 10. axb5 axb5 11. c3 Be7 12. Bf4 Qd7 13. Nbd2 f5 14. exf6 Nxf6
15. Re1 Bg4 16. Qc2 O-O 17. Nd4 Bc5 18. N2f3 Kh8 19. Nxc6 Qxc6 20. Nd4 Qd7 21.
h3 Nh5 22. Bxc7 Qxc7 23. hxg4 Nf4 24. Qd2 Bxd4 25. Qxd4 Qd6 26. Rad1 Rbd8 27.
Re5 Qg6 28. f3 h5 29. g5 Rf5 30. Rxf5 Ne2+ 31. Kf2 Nxd4 32. Rxd5 Rxd5 33. Bxd5
Qc2+ 0-1

[Event "DVM U14w 2012"]
[Site "Magdeburg GER"]
[Date "2012.12.28"]
[Round "3"]
[White "Fromm, Katja"]
[Black "Hinzke, Anna-Lena"]
[Result "0-1"]
[Termination "normal"]
[Board "1.3"]
[WhiteElo "1577"]
[BlackElo "1458"]
[WhiteTeam "Muldental Wilkau-Haßlau"]
[BlackTeam "SG Oesede-Georgsmarienhütte"]
[WhiteFideId "12929409"]
[BlackFideId "12928704"]
[EventCountry "GER"]
[EventRounds "7"]
[EventType "team-swiss"]
[EventDate "2012.12.26"]

1. d4 d5 2. c4 c6 3. Nc3 Nf6 4. Bg5 e6 5. Bxf6 Qxf6 6. Nf3 dxc4 7. a4 Bb4 8. e3
b5 9. axb5 cxb5 10. Qc2 Bb7 11. Be2 Nd7 12. O-O Bxc3 13. Qxc3 O-O 14. b3 Nb6
15. Ne5 Qg5 16. f3 Nd5 17. Qc1 Qxe3+ 18. Qxe3 Nxe3 19. Rfb1 Nc2 20. Ra2 cxb3
21. Rxb3 Bd5 22. Rxc2 Bxb3 23. Rb2 Ba4 24. Kf2 Rac8 25. Rb4 f6 26. Nd7 Rfd8 27.
Nc5 Kf7 28. Nxa4 bxa4 29. Rxa4 Ra8 30. Ba6 Rd6 31. Ke3 Kg6 32. Bb7 Rad8 33.
Rxa7 Rxd4 34. Ra2 Rd3+ 35. Ke2 Kg5 36. Rc2 e5 37. Ra2 R3d4 38. Be4 Rb4 39. g3
Rdb8 40. h4+ Kh6 41. Kf1 f5 42. Bxf5 Rf8 43. g4 g6 44. Ra6 Kg7 45. Bc2 Rxg4 46.
Ra7+ Kh6 47. h5 Rxf3+ 48. Ke2 Rff4 49. hxg6 hxg6 50. Ra8 Rg2+ 51. Kd3 Rd4+ 52.
Kc3 Rg3+ 53. Kb2 e4 54. Re8 e3 55. Re6 Kh5 56. Re5+ Kh4 57. Re6 g5 58. Bf5 Rf3
59. Bc2 g4 60. Rh6+ Kg3 61. Re6 Kf2 62. Rh6 e2 63. Rh2+ Ke3 64. Rh1 Rf1 65.
Rh3+ Kd2 66. Rh2 g3 67. Rg2 Rb4+ 68. Bb3 Rxb3+ 69. Kxb3 Kd1 70. Rxg3 e1=Q 71.
Rd3+ Ke2 72. Rd8 Qb1+ 73. Kc4 Rc1+ 74. Kd5 Qd3+ 75. Ke5 Qxd8 76. Ke4 Kd2 77.
Kf3 Re1 78. Kf2 Qf8+ 79. Kg2 Rf1 80. Kg3 Qg8+ 81. Kh2 Rg1 0-1

[Event "DVM U14w 2012"]
[Site "Magdeburg GER"]
[Date "2012.12.28"]
[Round "3"]
[White "Wang, Yanru"]
[Black "Böhle, Rebecca"]
[Result "1-0"]
[Termination "normal"]
[Board "1.4"]
[WhiteElo "1413"]
[BlackElo "1249"]
[WhiteTeam "SG Oesede-Georgsmarienhütte"]
[BlackTeam "Muldental Wilkau-Haßlau"]
[WhiteFideId "12929328"]
[BlackFideId "12963933"]
[EventCountry "GER"]
[EventRounds "7"]
[EventType "team-swiss"]
[EventDate "2012.12.26"]

1. f4 d5 2. b3 Nf6 3. Bb2 c6 4. Nf3 Bg4 5. e3 Nbd7 6. Be2 Qc7 7. O-O e6 8. Nc3
e5 9. fxe5 Nxe5 10. Nxd5 Nxf3+ 11. gxf3 Nxd5 12. fxg4 Bd6 13. Rf2 Qe7 14. Qf1
Qh4 15. Qg2 Nf6 16. Raf1 Be7 17. Rf4 Qg5 18. Rf5 Qg6 19. h4 h5 20. g5 Rg8 21.
gxf6 gxf6 22. Qxg6 Rxg6+ 23. Kf2 O-O-O 24. Ke1 Bb4 25. Bd3 Rg2 26. R5f2 Rg4 27.
Bf5+ Kb8 28. Bxg4 hxg4 29. Bc3 Bd6 30. Rg2 Rg8 31. Bxf6 g3 32. h5 Bf8 33. Rh1
Bh6 34. Rh3 Re8 35. Rhxg3 Re6 36. Bg5 Bf8 37. Bf4+ Kc8 38. Rg8 Re8 39. Bd6 Kd7
40. Bxf8 Re5 41. h6 Rh5 42. R8g5 Rh1+ 43. Ke2 f6 44. Rg7+ Ke6 45. h7 f5 46.
R7g6+ Ke5 47. Bg7+ Ke4 48. h8=Q Rxh8 49. Bxh8 f4 50. exf4 b5 51. Re6+ Kf5 52.
Re8 a5 53. Re5+ Kxf4 54. Rf2+ Kg3 55. Re8 c5 56. Rg8+ Kh3 57. Rf7 c4 58. Rh7#
1-0

[Event "DVM U14w 2012"]
[Site "Magdeburg GER"]
[Date "2012.12.28"]
[Round "3"]
[White "Nobis, Anna"]
[Black "Wiesner, Paula"]
[Result "0-1"]
[Termination "normal"]
[Board "2.1"]
[WhiteElo "1708"]
[BlackElo "1817"]
[WhiteTeam "Chemnitzer SC Aufbau"]
[BlackTeam "Karlsruher SF 1853"]
[WhiteFideId "1270302"]
[BlackFideId "24654019"]
[EventCountry "GER"]
[EventRounds "7"]
[EventType "team-swiss"]
[EventDate "2012.12.26"]

1. e4 e6 2. d4 d5 3. Nc3 Bb4 4. exd5 exd5 5. Bd3 Nc6 6. a3 Bxc3+ 7. bxc3 Nge7
8. Ne2 Bf5 9. Ng3 Bxd3 10. cxd3 O-O 11. O-O Qd7 12. Qf3 Ng6 13. Nh5 Qd6 14. Qg4
Qe6 15. Qg5 f6 16. Qg3 Qf5 17. Nf4 Nxf4 18. Bxf4 Rfe8 19. Bxc7 Re2 20. Rab1 b6
21. Qd6 Na5 22. Rb5 Rae8 23. Qxd5+ Qxd5 24. Rxd5 Rd2 25. c4 Rxd3 26. c5 Rxa3
27. cxb6 axb6 28. Bxb6 Nc4 29. Bc5 Ra2 30. h3 Ree2 31. Rd7 Nd2 32. d5 Nxf1 33.
Kxf1 Red2 34. g3 Ra5 35. Be3 Rdxd5 36. Rxd5 Rxd5 37. h4 Kf7 38. Kg2 h5 39. Kh3
Ke6 40. Kg2 Kf5 41. Kh3 Ra5 42. Bb6 Ra3 43. Bc5 Rb3 44. Ba7 Ke4 45. Kg2 Kd3 46.
Be3 Ke2 47. Bd4 Rb4 48. Be3 Rg4 49. Bc5 g5 50. Be7 gxh4 51. Bxf6 hxg3 52. fxg3
Rg8 53. Kh3 Ke3 54. Be5 Rg4 55. Bd6 Ke4 56. Bc7 Kf5 57. Bd6 Rd4 58. Bc7 Rd1 59.
Bf4 Rb1 60. Bc7 Ke4 61. Kh4 Rh1+ 62. Kg5 Kf3 63. Bf4 Kg2 64. Bd6 Kf3 65. Bf4
Ke4 66. Bc7 Rh2 67. Bd6 Kd5 68. Bf4 Rh1 69. Bc7 Ke6 70. Bf4 Kf7 71. Be5 Rb1 72.
Bf4 Rb5+ 73. Kh4 Kg6 74. Kh3 Rb1 75. Bc7 Kf5 76. Bd6 Rh1+ 77. Kg2 Rd1 78. Bc7
Kg4 79. Be5 Rd2+ 80. Kf1 Kf3 81. Kg1 Rg2+ 82. Kf1 Re2 83. Bd4 Rd2 84. Bf2 Rxf2+
0-1

[Event "DVM U14w 2012"]
[Site "Magdeburg GER"]
[Date "2012.12.28"]
[Round "3"]
[White "Romanova, Alena"]
[Black "Kempe, Anne"]
[Result "0-1"]
[Termination "normal"]
[Board "2.2"]
[WhiteElo "1590"]
[BlackElo "1713"]
[WhiteTeam "Karlsruher SF 1853"]
[BlackTeam "Chemnitzer SC Aufbau"]
[WhiteFideId "12918784"]
[BlackFideId "12918083"]
[EventCountry "GER"]
[EventRounds "7"]
[EventType "team-swiss"]
[EventDate "2012.12.26"]

1. e4 c5 2. Nf3 d6 3. d4 cxd4 4. Nxd4 Nf6 5. Nc3 Nc6 6. Be2 e5 7. Nb3 Be7 8.
O-O O-O 9. Be3 a5 10. f3 a4 11. Nd2 d5 12. exd5 Nxd5 13. Nxd5 Qxd5 14. Bc4 Qd8
15. Ne4 Qc7 16. Qe2 Bf5 17. Bf2 Rfc8 18. b3 Nd8 19. Bg3 Be6 20. Nd2 Bc5+ 21.
Kh1 Bxc4 22. Nxc4 f6 23. f4 b5 24. fxe5 bxc4 25. exf6 Qf7 26. fxg7 Qxg7 27.
Qxc4+ Nf7 28. Be5 Qxe5 29. Qxf7+ Kh8 30. Rae1 Qg7 31. Qxg7+ Kxg7 32. Re2 a3 33.
g3 Bb4 34. Re4 Bf8 35. c4 Rc7 36. Rg4+ Kh8 37. h4 Rg7 38. Rxg7 Kxg7 39. Kg2 Rd8
40. Rf2 Rd3 41. Rc2 Bd6 42. c5 Bc7 43. b4 Rxg3+ 44. Kf1 Rg4 45. b5 Rxh4 46. b6
Rh1+ 47. Ke2 Rh2+ 48. Kd3 Rxc2 49. Kxc2 Bd8 50. Kd3 h5 51. Ke4 h4 52. Kf4 Kf6
53. Kg4 Ke6 54. b7 Bc7 55. Kxh4 Kd5 56. Kg4 Kxc5 57. Kf3 Kc4 58. Ke2 Kc3 59.
Kd1 Kb2 60. Kd2 Kxa2 61. Kc2 Bf4 62. b8=Q Bxb8 63. Kc1 Be5 64. Kc2 Bb2 65. Kd1
Kb3 0-1

[Event "DVM U14w 2012"]
[Site "Magdeburg GER"]
[Date "2012.12.28"]
[Round "3"]
[White "Lukin, Jana"]
[Black "Bykov, Ilona"]
[Result "1-0"]
[Termination "normal"]
[Board "2.3"]
[WhiteElo "1203"]
[BlackElo "1126"]
[WhiteTeam "Chemnitzer SC Aufbau"]
[BlackTeam "Karlsruher SF 1853"]
[WhiteFideId "12963968"]
[BlackFideId "12964433"]
[EventCountry "GER"]
[EventRounds "7"]
[EventType "team-swiss"]
[EventDate "2012.12.26"]

1. c4 e5 2. Nf3 Nc6 3. g3 Nf6 4. d3 d6 5. Nc3 Bg4 6. Bg2 Be7 7. O-O O-O 8. Bd2
Qd7 9. a3 Bh3 10. Rb1 Bxg2 11. Kxg2 d5 12. cxd5 Nxd5 13. Nxd5 Qxd5 14. Bc3 Bf6
15. b4 e4 16. dxe4 Qxd1 17. Rfxd1 Bxc3 18. b5 Ne5 19. Rdc1 Nxf3 20. exf3 Bf6
21. Rxc7 b6 22. a4 Rfc8 23. Rbc1 Rxc7 24. Rxc7 Kf8 25. f4 Ke8 26. e5 Bd8 27.
Rb7 a6 28. f5 axb5 29. axb5 Ra7 30. Rxa7 Kf8 31. e6 f6 32. e7+ Bxe7 33. Ra8+
Kf7 34. Ra7 Kf8 35. Rb7 Bc5 36. h4 h6 37. g4 Bd4 38. h5 Bc5 39. Kf3 Bd4 40. Ke4
Bxf2 41. Kd5 Bc5 42. Ke6 Kg8 43. Rb8+ Kh7 44. Kf7 Bd6 45. Rg8 Bf8 46. Kxf8 g6
47. fxg6# 1-0

[Event "DVM U14w 2012"]
[Site "Magdeburg GER"]
[Date "2012.12.28"]
[Round "3"]
[White "Henke, Hanna"]
[Black "Dietrich, Michelle"]
[Result "0-1"]
[Termination "normal"]
[Board "2.4"]
[WhiteElo "891"]
[BlackElo "1071"]
[WhiteTeam "Karlsruher SF 1853"]
[BlackTeam "Chemnitzer SC Aufbau"]
[WhiteFideId "12964441"]
[EventCountry "GER"]
[EventRounds "7"]
[EventType "team-swiss"]
[EventDate "2012.12.26"]

1. e4 e5 2. Nf3 Nf6 3. Nxe5 d6 4. Nf3 Nxe4 5. Nc3 Nxc3 6. dxc3 Be7 7. Be3 Bf5
8. Qd2 O-O 9. O-O-O Nc6 10. Bc4 Rb8 11. Bb3 Na5 12. Nd4 Bg6 13. f3 c5 14. Ne2
c4 15. g4 cxb3 16. cxb3 Nc6 17. Bf2 Ne5 18. Qd5 Bg5+ 19. f4 Nxg4 20. Bxa7 Ra8
21. fxg5 Rxa7 22. Qd4 Qxg5+ 23. Rd2 Rxa2 24. Kd1 Ra1+ 25. Nc1 Ne3+ 26. Ke2 Re8
27. Kf3 Bh5+ 28. Kf2 Qg2+ 29. Ke1 Qxh1+ 30. Kf2 Qg2+ 31. Ke1 Qf1# 0-1

[Event "DVM U14w 2012"]
[Site "Magdeburg GER"]
[Date "2012.12.28"]
[Round "3"]
[White "Bork, Sophie"]
[Black "Titgemeyer, Eva Maria"]
[Result "0-1"]
[Termination "normal"]
[Board "3.1"]
[WhiteElo "1525"]
[BlackElo "1622"]
[WhiteTeam "SV Welper 1922"]
[BlackTeam "SG Porz"]
[WhiteFideId "12905429"]
[BlackFideId "24655350"]
[EventCountry "GER"]
[EventRounds "7"]
[EventType "team-swiss"]
[EventDate "2012.12.26"]

1. e4 e5 2. Nf3 Nc6 3. Bc4 Nf6 4. d3 Be7 5. O-O d6 6. c3 Na5 7. Bb5+ c6 8. Ba4
b5 9. Bc2 O-O 10. Re1 Kh8 11. Nbd2 Ng8 12. d4 exd4 13. Nxd4 Bd7 14. b4 Nb7 15.
Nf1 c5 16. Nf3 Bg4 17. h3 Bh5 18. g4 Bg6 19. Ng3 Bf6 20. e5 dxe5 21. Qxd8 Raxd8
22. Bxg6 fxg6 23. Bg5 h6 24. Bxf6 gxf6 25. Ne4 cxb4 26. cxb4 Rd3 27. Re3 Rxe3
28. fxe3 Rf7 29. Rc1 Kg7 30. Kf2 Ne7 31. Nc3 a6 32. Rd1 Nc6 33. a3 f5 34. gxf5
gxf5 35. Rg1+ Kf6 36. Nh4 Ne7 37. Nf3 Nd6 38. Nd2 Rf8 39. a4 bxa4 40. Nxa4 Rb8
41. Nc5 Rxb4 42. Nxa6 Rb2 43. Ke1 Nd5 44. Rg3 Rc2 45. Kd1 Rxd2+ 46. Kxd2 Ne4+
47. Kd3 Nxg3 0-1

[Event "DVM U14w 2012"]
[Site "Magdeburg GER"]
[Date "2012.12.28"]
[Round "3"]
[White "Sewald, Kathrin"]
[Black "Marx, Jasmin"]
[Result "0-1"]
[Termination "normal"]
[Board "3.2"]
[WhiteElo "1335"]
[BlackElo "1326"]
[WhiteTeam "SG Porz"]
[BlackTeam "SV Welper 1922"]
[WhiteFideId "12964557"]
[BlackFideId "12929620"]
[EventCountry "GER"]
[EventRounds "7"]
[EventType "team-swiss"]
[EventDate "2012.12.26"]

1. e4 d5 2. exd5 Qxd5 3. Nc3 Qa5 4. d4 c6 5. Bd2 Bf5 6. Bc4 e6 7. Nge2 Qc7 8.
O-O Nf6 9. Re1 Bd6 10. Ng3 Bxg3 11. hxg3 Bg4 12. f3 Bh5 13. Bf4 Qd8 14. Qd2 O-O
15. g4 Bg6 16. Bg5 Nbd7 17. Ne4 Nxe4 18. fxe4 Qc7 19. e5 Nb6 20. Bb3 Nd5 21. c3
h6 22. Bh4 Rac8 23. c4 Ne7 24. Qb4 Rfe8 25. Qd6 Qd8 26. Ba4 Rc7 27. Qxd8 Rxd8
28. Rad1 Rcd7 29. Bb3 Kf8 30. Rd2 Rc8 31. Red1 Be4 32. a3 g5 33. Bf2 Rcd8 34.
Be3 b6 35. Ba2 Ke8 36. b4 Kf8 37. Re2 Bg6 38. g3 Ke8 39. Rh2 Ng8 40. Rc1 Rc8
41. a4 a6 42. Bb3 c5 43. dxc5 Rd3 44. Bf2 Rxb3 45. cxb6 Rxb4 46. c5 Be4 47. Be3
Bc6 48. a5 Rd8 49. Ra2 Rd3 50. Bf2 Rdb3 51. Rd2 Rb1 52. Rxb1 Rxb1+ 53. Be1
Rxe1+ 54. Kf2 Ra1 55. Rb2 Bb7 56. Ke3 Rxa5 57. c6 Bxc6 58. b7 Bxb7 59. Rxb7 Ne7
60. Rb8+ Kd7 61. Rb7+ Kd8 62. Rb8+ Nc8 63. Rb1 Ra2 64. Rh1 a5 65. Rxh6 Ra1 66.
Rh8+ Kd7 67. Rg8 a4 68. Rxg5 a3 69. Rg7 Ke7 70. Rg8 a2 71. Rxc8 Re1+ 72. Kd3
a1=Q 73. Rc7+ Kf8 74. Rc8+ Kg7 75. Re8 Qxe5 76. Kc2 Qd5 77. Kb2 Re2+ 78. Kc3
Qd1 79. g5 Rc2+ 80. Kb4 Qb1+ 81. Ka5 Ra2# 0-1

[Event "DVM U14w 2012"]
[Site "Magdeburg GER"]
[Date "2012.12.28"]
[Round "3"]
[White "Hütte, Sarah"]
[Black "Schröter, Sophie"]
[Result "1/2-1/2"]
[Termination "normal"]
[Board "3.3"]
[WhiteElo "1133"]
[BlackElo "1103"]
[WhiteTeam "SV Welper 1922"]
[BlackTeam "SG Porz"]
[WhiteFideId "12929611"]
[BlackFideId "12941786"]
[EventCountry "GER"]
[EventRounds "7"]
[EventType "team-swiss"]
[EventDate "2012.12.26"]

1. d4 d5 2. Nc3 Nf6 3. Bg5 Bf5 4. f3 e6 5. e4 dxe4 6. fxe4 Bg4 7. Be2 Bxe2 8.
Ngxe2 Be7 9. Bxf6 Bxf6 10. e5 Be7 11. Qd3 c6 12. a3 c5 13. O-O-O cxd4 14. Qxd4
Qxd4 15. Rxd4 O-O 16. Rhd1 Nc6 17. Re4 Rad8 18. Nd4 Nxd4 19. Rexd4 Rxd4 20.
Rxd4 Rd8 21. Rxd8+ Bxd8 22. Nb5 1/2-1/2

[Event "DVM U14w 2012"]
[Site "Magdeburg GER"]
[Date "2012.12.28"]
[Round "3"]
[White "Müller, Jennifer"]
[Black "Schaller, Bettina"]
[Result "0-1"]
[Termination "normal"]
[Board "3.4"]
[WhiteElo "940"]
[BlackElo "1175"]
[WhiteTeam "SG Porz"]
[BlackTeam "SV Welper 1922"]
[BlackFideId "12929638"]
[EventCountry "GER"]
[EventRounds "7"]
[EventType "team-swiss"]
[EventDate "2012.12.26"]

1. e4 d6 2. d4 Nf6 3. Nc3 g6 4. Nf3 Bg7 5. Bd2 O-O 6. Qc1 c6 7. e5 dxe5 8. dxe5
Nd5 9. Bc4 Bg4 10. Bxd5 cxd5 11. Bh6 Nc6 12. Bxg7 Kxg7 13. Qe3 d4 14. Nxd4 Nxd4
15. Rc1 Qd7 16. f3 Be6 17. Qf2 Nb5 18. Rd1 Qc6 19. Ne4 Rfc8 20. Rd2 Bf5 21. Qe2
Bxe4 22. fxe4 a6 23. Rf1 Rd8 24. Rf2 Rxd2 25. Kxd2 Rd8+ 26. Ke3 Qc5+ 27. Kf4
Nd4 28. Qd2 Ne6+ 0-1

[Event "DVM U14w 2012"]
[Site "Magdeburg GER"]
[Date "2012.12.28"]
[Round "3"]
[White "Kluge, Leyla"]
[Black "Hund, Sarah"]
[Result "1/2-1/2"]
[Termination "normal"]
[Board "4.1"]
[WhiteElo "1436"]
[BlackElo "1859"]
[WhiteTeam "USG Chemnitz"]
[BlackTeam "SK Freiburg Zähringen 1887"]
[WhiteFideId "12918172"]
[BlackFideId "12923338"]
[EventCountry "GER"]
[EventRounds "7"]
[EventType "team-swiss"]
[EventDate "2012.12.26"]

1. c4 e6 2. Nc3 d5 3. cxd5 exd5 4. d4 Nf6 5. Bf4 c6 6. Nf3 Be7 7. e3 Bf5 8. Bd3
Bxd3 9. Qxd3 O-O 10. O-O Nbd7 11. Rfd1 Nh5 12. Bg3 Nxg3 13. hxg3 Nf6 14. Rab1
a5 15. a3 Bd6 16. Rbc1 Re8 17. Qc2 Qd7 18. Na4 Ne4 19. Nb6 Qc7 20. Nxa8 Rxa8
21. Qd3 Re8 22. Nd2 Re6 23. Nxe4 dxe4 24. Qe2 Rh6 25. Qg4 Qe7 26. Qc8+ Qf8 27.
Qxb7 Qd8 28. Rxc6 Qg5 29. Rc8+ Bf8 30. Qb8 Rh1+ 31. Kxh1 Qh5+ 32. Kg1 Qxd1+ 33.
Kh2 Qh5+ 1/2-1/2

[Event "DVM U14w 2012"]
[Site "Magdeburg GER"]
[Date "2012.12.28"]
[Round "3"]
[White "Lohrmann, Tabea"]
[Black "Graf, Pia"]
[Result "0-1"]
[Termination "normal"]
[Board "4.2"]
[WhiteElo "1461"]
[BlackElo "1475"]
[WhiteTeam "SK Freiburg Zähringen 1887"]
[BlackTeam "USG Chemnitz"]
[WhiteFideId "12911941"]
[BlackFideId "12917737"]
[EventCountry "GER"]
[EventRounds "7"]
[EventType "team-swiss"]
[EventDate "2012.12.26"]

1. e4 e6 2. d4 d5 3. exd5 exd5 4. Bd3 Nf6 5. Nf3 c5 6. dxc5 Bxc5 7. O-O O-O 8.
Bg5 Qb6 9. Qc1 Bg4 10. Nc3 Nbd7 11. Na4 Qc6 12. Nxc5 Qxc5 13. Qf4 Be6 14. Ne5
Nxe5 15. Qxe5 Nd7 16. Qg3 Qd4 17. c3 Qg4 18. Qxg4 Bxg4 19. Rfe1 Rfe8 20. f3 Bh5
21. Bb5 Rxe1+ 22. Rxe1 f6 23. Re7 Ne5 24. Be3 b6 25. Rc7 Bf7 26. b3 Be6 27. Ba6
Bf7 28. Bf2 Kf8 29. f4 Ng6 30. g3 Ne7 31. Kg2 Be6 32. Be3 Ke8 33. Bb5+ Kd8 34.
Rxa7 Rxa7 35. Bxb6+ Rc7 36. Bxc7+ Kxc7 37. Kf3 Kb6 38. Bd3 h6 39. h4 Nc6 40. b4
d4 41. cxd4 Nxd4+ 42. Ke4 Nc6 43. b5 f5+ 44. Ke3 Nb4 45. a4 Ka5 46. Kd4 Kxa4
47. b6 Bc8 48. Bc4 Ka5 49. Kc5 Nc2 50. Kc6 Nb4+ 51. Kc7 Ba6 52. b7 Bxc4 53.
b8=N Na6+ 54. Nxa6 Bxa6 55. Kd6 Kb4 56. Ke6 Bd3 57. Kf7 Be2 58. Kxg7 h5 59. Kf6
Bg4 0-1

[Event "DVM U14w 2012"]
[Site "Magdeburg GER"]
[Date "2012.12.28"]
[Round "3"]
[White "Wienhold, Nadine"]
[Black "Cejda, Cecilia"]
[Result "1/2-1/2"]
[Termination "normal"]
[Board "4.3"]
[WhiteElo "1167"]
[BlackElo "1357"]
[WhiteTeam "USG Chemnitz"]
[BlackTeam "SK Freiburg Zähringen 1887"]
[WhiteFideId "12964514"]
[BlackFideId "12921122"]
[EventCountry "GER"]
[EventRounds "7"]
[EventType "team-swiss"]
[EventDate "2012.12.26"]

1. e4 e5 2. Nf3 Nc6 3. Bc4 Nf6 4. Nc3 Bc5 5. d3 d6 6. h3 Be6 7. Nd5 h6 8. Be3
Nd4 9. c3 Nxf3+ 10. Qxf3 Bxe3 11. Nxe3 Bxc4 12. Nxc4 Qe7 13. Ne3 c6 14. c4 Qc7
15. O-O O-O-O 16. a3 Qe7 17. Ng4 h5 18. Ne3 g6 19. b4 Nd7 20. Rfd1 Qf6 21. Qxf6
1/2-1/2

[Event "DVM U14w 2012"]
[Site "Magdeburg GER"]
[Date "2012.12.28"]
[Round "3"]
[White "Atabay, Hatun"]
[Black "Belusa, Laura Sophie"]
[Result "1/2-1/2"]
[Termination "normal"]
[Board "4.4"]
[WhiteElo "1116"]
[BlackElo "1023"]
[WhiteTeam "SK Freiburg Zähringen 1887"]
[BlackTeam "USG Chemnitz"]
[WhiteFideId "12929603"]
[BlackFideId "12964522"]
[EventCountry "GER"]
[EventRounds "7"]
[EventType "team-swiss"]
[EventDate "2012.12.26"]

1. e4 e5 2. Nf3 Nc6 3. Bc4 Bc5 4. c3 Nf6 5. d4 exd4 6. cxd4 Bb4+ 7. Bd2 Nxe4 8.
Bxb4 Nxb4 9. Qb3 Qe7 10. O-O O-O 11. Re1 d5 12. Bxd5 Nxd5 13. Qxd5 Nf6 14. Rxe7
Nxd5 15. Re1 Nb4 16. Rc1 c6 17. Nc3 Bf5 18. Rf1 Bd3 19. Rfd1 Bf5 20. a3 Nc2 21.
Rac1 Rad8 22. Ne2 b5 23. Ng3 Bg6 24. Ne5 Nxd4 25. Nxg6 fxg6 26. Rd3 Rf6 27.
Rcd1 Rfd6 28. Kf1 Kf7 29. Ne4 Rd5 30. Nc3 R5d7 31. Ne4 Ke7 32. Nc5 Rd5 33. b4
Nc2 34. Rc1 Rxd3 35. Nxd3 Rxd3 36. Rxc2 Kd7 37. Ra2 Rd6 38. a4 Ke7 39. axb5
cxb5 40. Rxa7+ Rd7 41. Rxd7+ Kxd7 42. Ke2 Kd6 43. Kd3 Kd5 44. f4 h6 45. Kc3 Ke4
46. g3 Ke3 47. g4 h5 48. gxh5 gxh5 49. f5 h4 50. h3 Kf3 51. Kd3 Kg3 52. Ke3
Kxh3 1/2-1/2

[Event "DVM U14w 2012"]
[Site "Magdeburg GER"]
[Date "2012.12.28"]
[Round "3"]
[White "Schnepper, Pauline"]
[Black "Klinge, Sabina"]
[Result "1/2-1/2"]
[Termination "normal"]
[Board "5.1"]
[WhiteElo "1580"]
[BlackElo "1619"]
[WhiteTeam "SK 1929 Mainaschaff"]
[BlackTeam "TuRa Harksheide"]
[WhiteFideId "12918040"]
[BlackFideId "12949590"]
[EventCountry "GER"]
[EventRounds "7"]
[EventType "team-swiss"]
[EventDate "2012.12.26"]

1. e4 c5 2. Nf3 Nc6 3. d4 cxd4 4. Nxd4 g6 5. Nxc6 bxc6 6. Bc4 Bg7 7. O-O d6 8.
Nc3 e6 9. Re1 Ne7 10. Bg5 O-O 11. Bb3 Qc7 12. Bf4 Rd8 13. Qf3 Qd7 14. Rad1 d5
15. Bg5 d4 16. Bf6 c5 17. Bxg7 Kxg7 18. Nb1 Bb7 19. Nd2 Qc7 20. c3 Rf8 21. cxd4
cxd4 22. Qe2 e5 23. Nf3 f6 24. h3 Rad8 25. Qd3 Qb6 26. Nd2 Ba6 27. Bc4 Bxc4 28.
Nxc4 Qb8 29. Rf1 g5 30. Qg3 Ng6 31. Qg4 Qc8 32. Qxc8 Rxc8 33. b3 Rfd8 34. g3 h5
35. Rc1 h4 36. Nb2 Rc3 37. Rfd1 Rdc8 38. Nc4 Rxc1 39. Rxc1 Kf8 40. Kf1 Ke7 41.
Ke2 Ke6 42. Kf3 hxg3 43. fxg3 Rh8 44. Kg4 Ne7 45. Re1 Ng6 46. Rc1 Ne7 1/2-1/2

[Event "DVM U14w 2012"]
[Site "Magdeburg GER"]
[Date "2012.12.28"]
[Round "3"]
[White "Köhler, Inken"]
[Black "Schwind, Clara"]
[Result "1/2-1/2"]
[Termination "normal"]
[Board "5.2"]
[WhiteElo "1482"]
[BlackElo "1375"]
[WhiteTeam "TuRa Harksheide"]
[BlackTeam "SK 1929 Mainaschaff"]
[WhiteFideId "12929301"]
[BlackFideId "12964581"]
[EventCountry "GER"]
[EventRounds "7"]
[EventType "team-swiss"]
[EventDate "2012.12.26"]

1. e4 c5 2. d4 cxd4 3. c3 Nc6 4. cxd4 d5 5. e5 Bd7 6. Nc3 e6 7. Nf3 Bb4 8. Bd3
Nge7 9. O-O O-O 10. Ng5 h6 11. Bh7+ Kh8 12. Qh5 Be8 13. Bd3 Nxd4 14. Nh7 f6 15.
Qg4 f5 16. Qxd4 Bxc3 17. Qxc3 Kxh7 18. Qb4 Bc6 19. Be3 Ng6 20. Bc5 Rf7 21. Rfe1
Qh4 22. Qd2 Qf4 23. Qe2 Qg5 24. Be3 Nf4 25. Qf3 Qxg2+ 26. Qxg2 Nxg2 27. Kxg2
d4+ 28. f3 dxe3 29. Rxe3 Rd7 30. Bc4 Rd2+ 31. Kg3 Bd5 32. Bxd5 Rxd5 33. Rc1
Rad8 34. Rc7 R8d7 35. Rc8 Kg6 36. h4 Rd2 37. Rb3 R2d5 38. Re3 Rb5 39. Rc2 Rdd5
40. f4 Rbc5 41. Rg2 Rc7 42. Kf3+ Kf7 43. Ra3 b6 44. Re2 Rcd7 45. Ke3 Rc5 46.
Rg2 Rcd5 47. Rc2 Kg6 48. Rc6 Re7 49. Kf3 Kh5 50. Kg3 g5 51. hxg5 hxg5 52. Rc8
g4 53. Ra8 Rdd7 54. Rh8+ Rh7 55. Rg8 Rhg7 56. Rf8 Rdf7 57. Re8 Re7 58. Rf8 Kh6
59. Rd3 Rgf7 60. Rdd8 Kg6 61. Rg8+ Rg7 62. Rh8 Rh7 63. Rdg8+ Rhg7 64. Rf8 Rh7
65. Rhg8+ Reg7 66. Rf6+ Kh5 67. Re8 Rd7 68. Rexe6 Rd3+ 69. Kg2 Rd2+ 70. Kg3
1/2-1/2

[Event "DVM U14w 2012"]
[Site "Magdeburg GER"]
[Date "2012.12.28"]
[Round "3"]
[White "Pfeufer, Helena"]
[Black "Schramm, Anna-Lena"]
[Result "0-1"]
[Termination "normal"]
[Board "5.3"]
[WhiteElo "1012"]
[BlackElo "1437"]
[WhiteTeam "SK 1929 Mainaschaff"]
[BlackTeam "TuRa Harksheide"]
[WhiteFideId "12964590"]
[BlackFideId "12918237"]
[EventCountry "GER"]
[EventRounds "7"]
[EventType "team-swiss"]
[EventDate "2012.12.26"]

1. e4 e5 2. Nf3 Nc6 3. Bc4 Bc5 4. c3 d6 5. h3 Nf6 6. d3 O-O 7. O-O Be6 8. Bb5
Ne7 9. Re1 Ng6 10. d4 Bb6 11. Nbd2 Bd7 12. Bc4 Qc8 13. Bf1 c6 14. Nc4 Bc7 15.
Bd2 Re8 16. Qc2 Nh5 17. Rad1 Nhf4 18. Bxf4 Nxf4 19. Kh2 b5 20. Ne3 Re6 21. d5
Rh6 22. Nf5 Bxf5 23. exf5 Nxd5 24. c4 bxc4 25. Bxc4 Nf4 26. Ng5 d5 27. Bd3 Nxd3
28. Qxd3 e4+ 29. Qg3 Bxg3+ 30. fxg3 Qxf5 31. Nxe4 dxe4 32. Rd2 Re8 33. Red1 Kf8
34. a4 e3 35. Re2 Rf6 36. b4 Qe4 37. b5 Qxa4 38. Rde1 Qd4 39. bxc6 Rxc6 40. h4
Rf6 41. Rc2 Rf2 42. Rc7 e2 43. Rcc1 Qd3 44. Kg1 Qxg3 45. Rxe2 Qxg2# 0-1